000 00529nam a2200181Ia 4500
005 20250326123951.0
008 250326s9999 xx 000 0 und d
037 _aTextbook
040 _aFMSL
_beng
_cFMSL
041 _aeng
_2eng
084 _aV237:8 L4
_qFMSL
100 _aVerma S L
245 0 _aBoard of revenue for rajasthan: organisational and administrative study
_cVerma S L
260 _aNew Delhi
_bNew Delhi, S Chand
_c1974
300 _a308p
942 _cTB
_hV237:8 L4
999 _c1271688
_d1271688